000
00287nam a22001337a 4500
020
_a
81-7807-034-0
082
_a
821
_b
JAC/T
100
_a
JACOB M.A,NINAN
245
_a
THE TRUTH VS EXPERIENCE
260
_a
ERNAKULAM
_b
PEN BOOKS
300
_a
77
650
_a
POEMS
_z
KERALA
942
_c
BK
999
_c
3976
_d
3976